| 000 | 00755nas a2200265 4500 | ||
|---|---|---|---|
| 001 | BR2013001798 | ||
| 003 | BR-BrBNA | ||
| 005 | 20231205122020.0 | ||
| 007 | ta | ||
| 008 | 230509b bl.|||p| |||| 00| 00por d | ||
| 040 |
_aBR-BrBNA _bpor _cBiblioteca Nacional de Agricultura |
||
| 041 | _a(Pt) | ||
| 072 | _aL74 | ||
| 100 | 1 | _aMeunier, V. | |
| 100 | 1 | _aChapusot, O. | |
| 100 | 1 | _aCheuiche, A.J. de V. | |
| 245 | 1 | _aCatarata causada por hipocalcemia em cadela dálmata | |
| 650 | _aCÃO | ||
| 650 | _aOLHO | ||
| 650 | _aDISTÚRBIO ANIMAL | ||
| 650 | _aCATARATA | ||
| 773 | 0 |
_tA Hora Veterinária (Brazil) _xISSN 0101-9163 _g(Nov-Dec 2001), v.21(124) p. 71-74 _wBR2013001798 |
|
| 909 |
_a202311 _bLúcia _c55 _dLúcia Elande |
||
| 942 |
_2AGRIS _n0 _cANA |
||
| 999 |
_c226465 _d226465 |
||